| 000 | 00841cam a22002655i 4500 | ||
|---|---|---|---|
| 999 |
_c29070 _d29041 |
||
| 003 | EG-ScBUE | ||
| 005 | 20210127155756.0 | ||
| 008 | 110516s2010 ua g 0000ff ara d | ||
| 017 | _a2010 / 20998 | ||
| 020 | _a9789770929381 | ||
| 040 |
_aEG-ScBUE _bara _erda _cEG-ScBUE _dEG-ScBUE |
||
| 082 | 0 | 4 |
_a892.737 _bز ي د _222 |
| 100 | 1 |
_aزيدان، يوسف، _d1958- _eمؤلف. |
|
| 245 | 1 | 2 |
_aالنبطي / _cيوسف زيدان. |
| 250 | _aالطبعة الرابعة. | ||
| 264 | 1 |
_aالقاهرة : _bدار الشروق، _c2010. |
|
| 300 |
_a381 صفحة ؛ _b19 سم |
||
| 336 |
_aنص _btxt _2rdacontent |
||
| 337 |
_aبدون وسيط _bn _2rdamedia |
||
| 338 |
_aمجلد _bnc _2rdacarrier |
||
| 650 | 7 |
_aالقصص العربية _yقرن 21. _2BUEsh |
|
| 651 | _2BUEsh | ||
| 653 |
_bARALIT _bGGEN _cMay2011 |
||
| 942 |
_2ddc _cBB |
||